000 00207 a2200097 4500
001 48925
100 _aABI
245 _aWhite Paper 1990 Intakhabat
260 _aLahore
_bjang Pub
_c
090 _c31817
_d31817
942 _aNUST-CAE
_cM
_c24244
999 _c283998
_d283998